La Reducción de la oferta de drogas: introducción a algunos instrumentos internacionales /

Đã lưu trong:
Chi tiết về thư mục
Tác giả chính: Artigas, Carmen
Tác giả của công ty: NACIONES UNIDAS CEPAL
Định dạng: Texto
Loạt:SERIE POLITICAS SOCIALES/CEPAL
Những chủ đề:
Các nhãn: Thêm thẻ
Không có thẻ, Là người đầu tiên thẻ bản ghi này!

MARC

LEADER 00000 a a2200000 04500
001 48486
003
040
090 |a REV1291 (81) 2003  
100 |a Artigas, Carmen  
110 |a NACIONES UNIDAS CEPAL  
245 |a La Reducción de la oferta de drogas: introducción a algunos instrumentos internacionales /  |c Carmen Artigas  
440 |a SERIE POLITICAS SOCIALES/CEPAL  
650 |a DROGAS DE USO INDEBIDO  
650 |a OFERTA  
650 |a POLITICA GUBERNAMENTAL  
650 |a CONVENIOS  
650 |a ONU  
773 |a número81, (2003)  
999 |c 20665  |d 20665